| 000 | 00760nam a2200229Ia 4500 | ||
|---|---|---|---|
| 001 | 17684 | ||
| 003 | GE_BSU | ||
| 008 | 181216s||||||||xx |||||||||||||| ||und|| | ||
| 040 | _cGE_BSU | ||
| 080 | _a693(075.8) | ||
| 100 | _aСтефанов,Б.В. | ||
| 245 | _aТехнология бетонных и железобетонных изделии. | ||
| 245 | _bУчебник. | ||
| 245 | _cРед. Т.А.Спивак. | ||
| 250 | _aИзд. второе, перер. и доп. | ||
| 260 | _aКиев. | ||
| 260 | _bВиша школа. | ||
| 260 | _c1972. | ||
| 300 | _a356 стр. с илл. 21 см. Библиогр.: стр. 354. | ||
| 653 | _aТехнология бетонных и железобетонных изделии. | ||
| 942 | _cBK | ||
| 999 |
_c50732 _d50732 |
||